[Event "ewcc-2015"]
[Site "Chakvi. Adjara"]
[Date "2015.05.24"]
[Round "6.34"]
[White "Vojinovic, Jovana"]
[Black "Gaboyan, Susanna"]
[Result "0-1"]
[LiveChessVersion "1.3.1"]
[BlackElo "2153"]
[WhiteElo "2262"]

1. Nf3 {[%clk 1:30:26]} Nf6 {[%clk 1:29:47]} 2. c4 {[%clk 1:30:49]} g6
{[%clk 1:30:13]} 3. Nc3 {[%clk 1:31:14]} d5 {[%clk 1:30:40]} 4. cxd5
{[%clk 1:31:16]} Nxd5 {[%clk 1:31:05]} 5. Qa4+ {[%clk 1:31:41]} Nc6
{[%clk 1:28:16]} 6. Nd4 {[%clk 1:31:51]} Nxc3 {[%clk 1:26:26]} 7. dxc3
{[%clk 1:20:15]} Bd7 {[%clk 1:23:21]} 8. e4 {[%clk 1:15:15]} Bg7 {[%clk 1:05:09]}
9. Nxc6 {[%clk 1:14:30]} Bxc6 {[%clk 1:05:17]} 10. Bb5 {[%clk 1:14:46]} Bd7
{[%clk 1:05:01]} 11. Qb3 {[%clk 1:11:22]} b6 {[%clk 0:55:33]} 12. Bf4
{[%clk 0:39:06]} Bxb5 {[%clk 0:46:47]} 13. Qxb5+ {[%clk 0:39:26]} Qd7
{[%clk 0:47:08]} 14. a4 {[%clk 0:39:19]} c6 {[%clk 0:45:51]} 15. Qc4
{[%clk 0:39:06]} O-O {[%clk 0:45:39]} 16. Rd1 {[%clk 0:37:40]} Qg4
{[%clk 0:45:09]} 17. Bg3 {[%clk 0:38:00]} Rad8 {[%clk 0:44:15]} 18. Ra1
{[%clk 0:34:52]} c5 {[%clk 0:39:03]} 19. a5 {[%clk 0:32:24]} b5 {[%clk 0:34:21]}
20. Qxb5 {[%clk 0:30:12]} Qxe4+ {[%clk 0:34:20]} 21. Kf1 {[%clk 0:30:38]} Qc2
{[%clk 0:31:11]} 22. Re1 {[%clk 0:23:56]} Rd1 {[%clk 0:29:46]} 23. f3
{[%clk 0:22:18]} Rfd8 {[%clk 0:24:27]} 24. h4 {[%clk 0:09:22]} Be5
{[%clk 0:19:28]} 25. Bf2 {[%clk 0:09:35]} R8d2 {[%clk 0:18:55]} 26. Qxc5
{[%clk 0:09:55]} Bd4 {[%clk 0:18:51]} 27. Qxd4 {[%clk 0:05:16]} Rxd4
{[%clk 0:18:15]} 28. cxd4 {[%clk 0:05:40]} Rd2 {[%clk 0:18:07]} 29. Be3
{[%clk 0:05:33]} Rxg2 {[%clk 0:18:18]} 30. Rh3 Qxb2 {[%clk 0:17:22]} 31. h5
{[%clk 0:01:49]} gxh5 {[%clk 0:16:57]} 32. Rxh5 {[%clk 0:01:27]} Rg3
{[%clk 0:14:51]} 33. Bf2 {[%clk 0:01:56]} Rxf3 {[%clk 0:14:28]} 34. Re2
{[%clk 0:02:25]} Qb1+ {[%clk 0:13:44]} 35. Re1 {[%clk 0:02:20]} Qd3+
{[%clk 0:13:49]} 36. Kg2 {[%clk 0:01:56]} Qg6+ {[%clk 0:11:58]} 37. Kxf3
{[%clk 0:02:12]} Qxh5+ {[%clk 0:12:22]} 38. Kg2 {[%clk 0:02:02]} Qxa5
{[%clk 0:12:31]} 39. Re5 {[%clk 0:02:27]} Qb4 {[%clk 0:12:35]} 40. Rg5+
{[%clk 0:32:39]} Kf8 {[%clk 0:42:42]} 41. Rh5 {[%clk 0:33:05]} a5
{[%clk 0:42:21]} 42. Rxh7 {[%clk 0:33:27]} a4 {[%clk 0:42:30]} 43. Rh8+
{[%clk 0:33:28]} Kg7 {[%clk 0:42:54]} 44. Rh1 {[%clk 0:28:51]} a3
{[%clk 0:42:51]} 45. d5 {[%clk 0:29:01]} a2 {[%clk 0:42:53]} 46. Kf3
{[%clk 0:28:42]} Qc3+ {[%clk 0:43:01]} 47. Ke4 {[%clk 0:29:01]} f5+
{[%clk 0:43:15]} 48. Kf4 {[%clk 0:27:15]} a1=Q 49. Ke4 0-1

[Event "16th European Individual Women's Chess C"]
[Site "Chakvi, Adjara"]
[Date "2015.05.24"]
[Round "6.37"]
[White "Zhorzholiani, Meri"]
[Black "Mamedjarova, Zeinab"]
[Result "1-0"]
[WhiteElo "2071"]
[BlackElo "2235"]
[PlyCount "123"]
[EventDate "2015.05.19"]

1. e4 d6 2. d4 Nf6 3. Nc3 Nbd7 4. Nf3 e5 5. g3 Be7 6. Bg2 O-O 7. O-O c6 8. a4
a5 9. Re1 Re8 10. b3 Qc7 11. Bb2 Nf8 12. Nh4 Bg4 13. f3 Bd7 14. Nf5 Bxf5 15.
exf5 Rad8 16. Qd2 N8d7 17. Nd1 d5 18. Nf2 Bd6 19. dxe5 Nxe5 20. Re2 Re7 21. f4
Neg4 22. Rxe7 Bxe7 23. Bd4 c5 24. Nxg4 Nxg4 25. Bf2 c4 26. Bd4 Bc5 27. Rd1 Qb6
28. h3 cxb3 29. cxb3 Nh6 30. Bxc5 Qxc5+ 31. Qd4 Qxd4+ 32. Rxd4 Nxf5 33. Rxd5
Rxd5 34. Bxd5 Nd6 35. Kf2 Kf8 36. Ke3 Ke7 37. g4 f6 38. Kd4 Kd7 39. Be4 h6 40.
Kd5 b6 41. Bh7 Nb7 42. Bf5+ Kc7 43. Ke6 g5 44. fxg5 fxg5 45. Kf6 Kd6 46. Kg6
Ke5 47. Kxh6 Kf6 48. Be4 Nc5 49. Bd5 Nd3 50. h4 gxh4 51. g5+ Kf5 52. g6 Ne5 53.
g7 Ng4+ 54. Kh5 h3 55. g8=Q Nf6+ 56. Kh4 Nxg8 57. Bxg8 h2 58. Bd5 Ke5 59. Bh1
Kd4 60. Kh3 Kc3 61. Kxh2 Kxb3 62. Bc6 1-0

[Event "16th European Individual Women's Chess C"]
[Site "Chakvi, Adjara"]
[Date "2015.05.24"]
[Round "6.38"]
[White "Belenkaya, Dina"]
[Black "Ivanova, Tatiana"]
[Result "1-0"]
[WhiteElo "2235"]
[BlackElo "2121"]
[PlyCount "53"]
[EventDate "2015.05.19"]

1. e4 d5 2. exd5 Qxd5 3. Nf3 Nf6 4. d4 Bg4 5. Be2 e6 6. h3 Bh5 7. c4 Bb4+ 8.
Nc3 Bxc3+ 9. bxc3 Qa5 10. O-O O-O 11. Rb1 Nbd7 12. a4 c5 13. Rxb7 Rab8 14. Rb5
Rxb5 15. axb5 Bxf3 16. Bxf3 Qxc3 17. dxc5 Nxc5 18. Be3 Nfe4 19. Qd4 Qxd4 20.
Bxd4 Rd8 21. Be3 f5 22. Bxe4 Nxe4 23. Bxa7 Nc3 24. b6 Rd7 25. c5 Ne2+ 26. Kh1
Nd4 27. Rd1 1-0

[Event "16th European Individual Women's Chess C"]
[Site "Chakvi, Adjara"]
[Date "2015.05.24"]
[Round "6.39"]
[White "Kiolbasa, Oliwia"]
[Black "Tevzadze, Mariam"]
[Result "1-0"]
[WhiteElo "2223"]
[BlackElo "1834"]
[PlyCount "131"]
[EventDate "2015.05.19"]

1. e4 Nc6 2. Nf3 d6 3. d4 Bg4 4. d5 Ne5 5. Be2 Bxf3 6. Bxf3 Nxf3+ 7. Qxf3 g6 8.
Nc3 Bg7 9. Bg5 Qd7 10. O-O-O Nf6 11. Rhe1 h6 12. Bf4 Qg4 13. Qe3 Nh5 14. Bg3
Nxg3 15. hxg3 a6 16. Kb1 O-O 17. Rh1 c5 18. Rh4 Qg5 19. f4 Qf6 20. Rdh1 Qd4 21.
Qe2 b5 22. Nd1 c4 23. c3 Qd3+ 24. Qxd3 cxd3 25. Kc1 f5 26. exf5 Rxf5 27. Ne3
Rff8 28. Kd2 a5 29. Kxd3 Rac8 30. Rc1 b4 31. Rhh1 Rb8 32. Rhe1 Rfc8 33. Re2
bxc3 34. bxc3 a4 35. Nd1 Kf7 36. Re4 Rb5 37. Ne3 Rbc5 38. Rc4 Rxc4 39. Nxc4 Rc5
40. Ne3 Rb5 41. Kc4 Rb2 42. Rc2 Rb1 43. Re2 Rc1 44. Nc2 Rb1 45. Nb4 Bf6 46. Re3
a3 47. Kb5 Rc1 48. c4 Bc3 49. Nc6 Rc2 50. Ka4 Bf6 51. Kxa3 Rxc4 52. Kb3 Rc5 53.
Rd3 Ke8 54. a4 Kd7 55. a5 e6 56. a6 Kc7 57. a7 Kb7 58. Ka4 Rc4+ 59. Ka3 Bc3 60.
Rd1 Rxc6 61. dxc6+ Kxa7 62. Rxd6 g5 63. fxg5 hxg5 64. Rxe6 Kb6 65. Kb3 Bd4 66.
Kc4 1-0

[Event "16th European Individual Women's Chess C"]
[Site "Chakvi, Adjara"]
[Date "2015.05.24"]
[Round "6.40"]
[White "Choladze, Mariam"]
[Black "Hairapetian, Anna"]
[Result "0-1"]
[WhiteElo "1989"]
[BlackElo "2192"]
[PlyCount "66"]
[EventDate "2015.05.19"]

1. e4 c5 2. Nf3 d6 3. d4 cxd4 4. Nxd4 Nf6 5. Nc3 a6 6. h3 e6 7. g4 Nc6 8. Be3
Nd7 9. Bg2 Be7 10. Qe2 O-O 11. O-O-O Nxd4 12. Bxd4 b5 13. a3 Bb7 14. f4 Qa5 15.
Na2 Rfc8 16. Kb1 e5 17. Bc3 Qc7 18. f5 Nc5 19. h4 a5 20. g5 b4 21. axb4 axb4
22. Bxb4 Ba6 23. Qf2 Bc4 24. Ba3 Rcb8 25. Rh3 Qa7 26. Qd2 Na4 27. Nb4 d5 28. c3
Nxc3+ 29. Qxc3 Bxb4 30. Bxb4 Qa2+ 31. Kc1 Rc8 32. Kd2 d4 33. Qc2 Be2 0-1

[Event "16th European Individual Women's Chess C"]
[Site "Chakvi, Adjara"]
[Date "2015.05.24"]
[Round "6.41"]
[White "Santeramo, Alessia"]
[Black "Folkova, Martina"]
[Result "1-0"]
[WhiteElo "2118"]
[BlackElo "2134"]
[PlyCount "155"]
[EventDate "2015.05.19"]

1. e4 g6 2. d4 d6 3. Nc3 Bg7 4. Be3 a6 5. f4 Nf6 6. Nf3 b5 7. Bd3 Bb7 8. e5 Ng4
9. Bg1 e6 10. Qe2 Nd7 11. Ng5 h5 12. h3 Nh6 13. d5 Nxe5 14. dxe6 Nxd3+ 15. cxd3
f6 16. Nf3 Nf5 17. Bf2 Qe7 18. O-O-O Bh6 19. g4 Bxf4+ 20. Kb1 Ng7 21. Rhe1 b4
22. Ne4 O-O-O 23. Nh4 Rh6 24. Bd4 Be5 25. Be3 g5 26. Nf5 Nxf5 27. gxf5 Qe8 28.
Nxg5 fxg5 29. Bxg5 Rh7 30. d4 Bg3 31. Rf1 Qg8 32. Bxd8 Kxd8 33. d5 Be5 34. Rg1
Rg7 35. Rxg7 Qxg7 36. Qxh5 Bxb2 37. Qf7 Qxf7 38. exf7 Bg7 39. Rg1 Bf8 40. f6
Bxd5 41. Rg8 Kd7 42. Rxf8 Ke6 43. Rc8 Kxf7 44. Rxc7+ Kxf6 45. Kb2 Ke5 46. h4
Bf3 47. Ra7 d5 48. Rxa6 d4 49. Kc2 Be2 50. Ra5+ Ke6 51. Ra4 Bc4 52. Rxb4 Bxa2
53. Rxd4 Kf6 54. Kd2 Kg6 55. Ke3 Kh5 56. Kf2 Bb3 57. Kg3 Be6 58. Ra4 Bb3 59.
Ra5+ Kg6 60. h5+ Kh6 61. Kh4 Bc4 62. Rc5 Bb3 63. Rc6+ Kh7 64. Kg5 Bd5 65. Rd6
Bb3 66. Rd7+ Kh8 67. Kf6 Ba2 68. Kg6 Bb1+ 69. Kh6 Ba2 70. Rb7 Bc4 71. Rb8+ Bg8
72. Kg5 Kh7 73. Rb7+ Kh8 74. h6 Bc4 75. h7 Bd5 76. Rc7 Bf7 77. Kh6 Be8 78. Rb7
1-0

[Event "16th European Individual Women's Chess C"]
[Site "Chakvi, Adjara"]
[Date "2015.05.24"]
[Round "6.42"]
[White "Gavasheli, Ana"]
[Black "Jalaghonia, Nino"]
[Result "1-0"]
[WhiteElo "2122"]
[BlackElo "1865"]
[PlyCount "81"]
[EventDate "2015.05.19"]

1. b3 c5 2. Bb2 Nf6 3. e3 g6 4. d4 cxd4 5. exd4 d5 6. Nf3 Bg7 7. Be2 O-O 8. Ne5
Qc7 9. Nd2 Nc6 10. f4 Bf5 11. c3 a6 12. O-O h5 13. Bf3 Rfd8 14. Qe2 Bh6 15. g3
Bh3 16. Rfe1 e6 17. Rac1 Nxe5 18. Qxe5 Qxe5 19. dxe5 Ng4 20. Bg2 Bxg2 21. Kxg2
Bf8 22. h3 Nh6 23. Kf3 a5 24. a4 Bc5 25. g4 Kh7 26. Nf1 Rd7 27. Nd2 Ng8 28.
Red1 Ra6 29. Ba1 Ne7 30. Rb1 Nc6 31. Kg3 Rb6 32. Nf3 Ra6 33. c4 Ra8 34. cxd5
Rxd5 35. Ng5+ Kg7 36. Rxd5 exd5 37. e6+ f6 38. Rc1 h4+ 39. Kxh4 Be7 40. Rd1 Rd8
41. Nf7 1-0

[Event "16th European Individual Women's Chess C"]
[Site "Chakvi, Adjara"]
[Date "2015.05.24"]
[Round "6.43"]
[White "Soyunlu, Narmin"]
[Black "Bokuchava, Madona"]
[Result "0-1"]
[WhiteElo "1891"]
[BlackElo "2063"]
[PlyCount "78"]
[EventDate "2015.05.19"]

1. d4 f5 2. c4 Nf6 3. g3 e6 4. Bg2 c6 5. Nf3 d5 6. O-O Bd6 7. b3 Qe7 8. a4 a5
9. Ba3 Na6 10. Bxd6 Qxd6 11. Ne5 O-O 12. Qd2 Nb4 13. Na3 Bd7 14. c5 Qc7 15. Nc2
Na6 16. b4 axb4 17. Nxb4 Nxc5 18. dxc5 Qxe5 19. Nd3 Qc7 20. Qb2 Ra5 21. Rfb1
Bc8 22. f4 Nd7 23. Qd4 Re8 24. Rd1 e5 25. fxe5 Nxe5 26. Nf4 Qe7 27. Rac1 Nd7
28. Nd3 Qe3+ 29. Qxe3 Rxe3 30. Nf4 Nf6 31. Rd4 Ra3 32. Nd3 R3xa4 33. Nb4 Ra1
34. Rxa1 Rxa1+ 35. Kf2 Ng4+ 36. Kf3 Nxh2+ 37. Kf2 Ng4+ 38. Kf3 Ra5 39. Nd3 Kf7
0-1

[Event "16th European Individual Women's Chess C"]
[Site "Chakvi, Adjara"]
[Date "2015.05.24"]
[Round "6.44"]
[White "Mammadova, Aysel"]
[Black "Kuchava, Ana"]
[Result "0-1"]
[WhiteElo "1862"]
[BlackElo "2135"]
[PlyCount "106"]
[EventDate "2015.05.19"]

1. e4 c5 2. c3 d5 3. exd5 Qxd5 4. d4 Nf6 5. Nf3 e6 6. Be2 Be7 7. O-O O-O 8. h3
Nc6 9. Be3 cxd4 10. Nxd4 Ne5 11. Nd2 a6 12. c4 Qd8 13. N2f3 Ng6 14. Nb3 Qc7 15.
Qd4 Nd7 16. Rfd1 Bf6 17. Qd6 Qxd6 18. Rxd6 Bxb2 19. Rad1 Nb8 20. Bc5 Bf6 21.
R6d2 Re8 22. Na5 h6 23. Nh2 Ne5 24. Ng4 Nxg4 25. Bxg4 e5 26. Bf3 e4 27. Re2 Re5
28. Bb4 Bf5 29. Bc3 Rxa5 30. Bxa5 Nc6 31. Bxe4 Bxe4 32. Rxe4 Nxa5 33. Rd5 Nc6
34. Rd7 Rb8 35. Re1 Kf8 36. c5 Nd8 37. Rb1 Rc8 38. Rd5 Be7 39. Rc1 Ke8 40. Kf1
Rc6 41. Re1 Ne6 42. Rde5 Rxc5 43. Rxc5 Nxc5 44. Rd1 b5 45. Ke2 Na4 46. Rd3 Bc5
47. f4 Ke7 48. Kf3 g5 49. Ke4 Nb6 50. g4 b4 51. h4 Bd6 52. h5 Na4 53. Kf5 Nc5
0-1

[Event "16th European Individual Women's Chess C"]
[Site "Chakvi, Adjara"]
[Date "2015.05.24"]
[Round "6.45"]
[White "Baraeva, Marina"]
[Black "Lingur, Zalina"]
[Result "1-0"]
[WhiteElo "2204"]
[BlackElo "2057"]
[PlyCount "83"]
[EventDate "2015.05.19"]

1. Nf3 c5 2. g3 g6 3. Bg2 Bg7 4. O-O Nc6 5. d3 d6 6. e4 e5 7. Nc3 Nge7 8. Nd2
O-O 9. Nc4 f5 10. f4 Be6 11. Ne3 exf4 12. gxf4 Qd7 13. Ncd5 Rae8 14. c3 Bf7 15.
Bd2 b5 16. a4 b4 17. a5 Rb8 18. Qa4 Qc8 19. Nxe7+ Nxe7 20. cxb4 Bxb2 21. Rab1
Bd4 22. Rfc1 fxe4 23. dxe4 d5 24. Kh1 dxe4 25. bxc5 Bb2 26. Rxb2 Rxb2 27. Bc3
Qxc5 28. Ng4 Qxc3 29. Rxc3 Rb1+ 30. Bf1 Rxf1+ 31. Kg2 Rxf4 32. Nh6+ Kg7 33.
Nxf7 R8xf7 34. Qd4+ Kg8 35. Qxa7 h5 36. a6 Kh7 37. Qc5 Nf5 38. a7 Nh4+ 39. Kh3
Rf8 40. Qc7+ Kh6 41. Qxf4+ Rxf4 42. a8=Q 1-0

[Event "16th European Individual Women's Chess C"]
[Site "Chakvi, Adjara"]
[Date "2015.05.24"]
[Round "6.46"]
[White "Topel, Zehra"]
[Black "Khmiadashvili, Tamar"]
[Result "1/2-1/2"]
[WhiteElo "2179"]
[BlackElo "2043"]
[PlyCount "95"]
[EventDate "2015.05.19"]

1. d4 d5 2. c4 e6 3. Nc3 Nf6 4. Nf3 Be7 5. Bf4 O-O 6. e3 c5 7. cxd5 cxd4 8.
exd4 Nxd5 9. Bg3 Bb4 10. Rc1 Nc6 11. Bd3 f5 12. O-O Be7 13. Be5 Bf6 14. Bb1
Nce7 15. Re1 a6 16. Na4 b6 17. a3 Bb7 18. b4 Rc8 19. Qd2 Qd7 20. Nb2 Ng6 21.
Nc4 Be7 22. Ba2 Kh8 23. Ng5 Bxg5 24. Qxg5 Nxe5 25. Nxe5 Rxc1 26. Rxc1 Qd6 27.
Re1 Kg8 28. Qd2 Rf6 29. f3 h6 30. Rc1 Ne7 31. Nc4 Qd8 32. Ne3 Kh7 33. Qd3 Nd5
34. Nxd5 Bxd5 35. Qxa6 Rg6 36. Qe2 Bb7 37. Rd1 Qa8 38. d5 Bxd5 39. Bxd5 exd5
40. Qd3 Rf6 41. g4 Qe8 42. gxf5 Qh5 43. Qxd5 Rxf5 44. Qe4 Qxf3 45. Qxf3 Rxf3
46. Rd6 b5 47. Rd5 Rxa3 48. Rxb5 1/2-1/2

[Event "16th European Individual Women's Chess C"]
[Site "Chakvi, Adjara"]
[Date "2015.05.24"]
[Round "6.47"]
[White "Martynkova, Olena"]
[Black "Lomaia, Diana"]
[Result "1-0"]
[WhiteElo "2165"]
[BlackElo "1449"]
[PlyCount "105"]
[EventDate "2015.05.19"]

1. d4 Nf6 2. c4 e6 3. Nf3 b6 4. g3 Bb7 5. Bg2 Be7 6. O-O O-O 7. Nc3 d5 8. Ne5
Bb4 9. Bf4 c5 10. dxc5 bxc5 11. cxd5 Bxc3 12. bxc3 exd5 13. Rb1 Qe7 14. Qb3 Bc6
15. Nxc6 Nxc6 16. Qb7 Qxb7 17. Rxb7 c4 18. Rfb1 Rfe8 19. Rc7 Nd8 20. Be3 Ne6
21. Rxa7 Rxa7 22. Bxa7 Ra8 23. Rb8+ Rxb8 24. Bxb8 d4 25. Be5 dxc3 26. Bxc3 Kf8
27. Bxf6 gxf6 28. Kf1 Ke7 29. Ke1 Kd6 30. Kd2 Kc5 31. a3 Nd4 32. e3 Nb5 33. a4
Nd6 34. Kc3 h6 35. h4 Nc8 36. a5 Nd6 37. a6 Nb5+ 38. Kc2 Kb4 39. Bc6 Na7 40.
Be8 Nc8 41. Bxf7 Na7 42. g4 Kb5 43. f4 Kxa6 44. g5 fxg5 45. fxg5 Nc8 46. g6 Kb5
47. g7 Ne7 48. g8=Q Nxg8 49. Bxg8 Kc5 50. Kc3 Kd6 51. Bxc4 Ke5 52. Kd3 Kf5 53.
e4+ 1-0

[Event "16th European Individual Women's Chess C"]
[Site "Chakvi, Adjara"]
[Date "2015.05.24"]
[Round "6.48"]
[White "Balajayeva, Khanim"]
[Black "Jibuti, Nata"]
[Result "1-0"]
[WhiteElo "2130"]
[BlackElo "1694"]
[PlyCount "79"]
[EventDate "2015.05.19"]

1. e4 c5 2. c3 d5 3. exd5 Qxd5 4. d4 Nf6 5. Nf3 Bg4 6. Be2 e6 7. h3 Bh5 8. O-O
Nc6 9. Be3 cxd4 10. cxd4 Bb4 11. Nc3 Qd8 12. Qb3 O-O 13. Rfd1 Bxc3 14. bxc3 Nd5
15. Rac1 Na5 16. Qa4 Rc8 17. c4 Nxe3 18. fxe3 Bg6 19. Bd3 Bh5 20. Rf1 Nc6 21.
Qb5 Bxf3 22. Rxf3 Qe7 23. Rff1 a6 24. Qb1 f5 25. Kh1 Qg5 26. Rce1 Rc7 27. Qb6
Rd7 28. d5 exd5 29. cxd5 Nd8 30. e4 fxe4 31. Rxf8+ Kxf8 32. Bxe4 Qf6 33. Qb1
Nf7 34. Bxh7 Rxd5 35. Rf1 Qg5 36. Qxb7 Qh5 37. Bg6 Qxg6 38. Qxd5 Ke8 39. Re1+
Kf8 40. Qa8+ 1-0

[Event "ewcc-2015"]
[Site "Chakvi. Adjara"]
[Date "2015.05.25"]
[Round "7.14"]
[White "Fataliyeva, Ulviyya"]
[Black "Goryachkina, Aleksandra"]
[Result "1/2-1/2"]
[LiveChessVersion "1.3.1"]
[BlackElo "2474"]
[WhiteElo "2331"]

1. e4 {[%clk 1:28:42]} c6 {[%clk 1:30:52]} 2. d4 {[%clk 1:29:11]} d5
{[%clk 1:31:15]} 3. Nc3 {[%clk 1:29:39]} dxe4 {[%clk 1:31:38]} 4. Nxe4
{[%clk 1:30:08]} Nf6 {[%clk 1:31:50]} 5. Ng3 {[%clk 1:30:36]} h5 {[%clk 1:31:07]}
6. h4 {[%clk 1:27:34]} Bg4 {[%clk 1:31:15]} 7. Qd2 {[%clk 1:26:54]} Qc7
{[%clk 1:26:03]} 8. Bc4 {[%clk 1:26:54]} e6 {[%clk 1:19:02]} 9. N1e2
{[%clk 1:25:18]} Bd6 {[%clk 1:15:20]} 10. Qg5 {[%clk 1:21:32]} Bxe2
{[%clk 1:07:24]} 11. Bxe2 {[%clk 1:17:46]} Nbd7 {[%clk 1:03:08]} 12. Bd2
{[%clk 1:10:19]} Bxg3 {[%clk 0:56:19]} 13. Qxg3 {[%clk 1:07:19]} Qxg3
{[%clk 0:53:30]} 14. fxg3 {[%clk 1:07:44]} Ne4 {[%clk 0:51:14]} 15. Bf4
{[%clk 1:08:02]} f5 {[%clk 0:49:06]} 16. Bf3 {[%clk 1:03:36]} Ndf6
{[%clk 0:48:31]} 17. a4 {[%clk 0:59:48]} O-O-O {[%clk 0:42:56]} 18. c3
{[%clk 0:56:10]} Rhg8 {[%clk 0:39:30]} 19. Ra3 {[%clk 0:48:16]} Rd7
{[%clk 0:28:44]} 20. b4 {[%clk 0:45:46]} Nd5 {[%clk 0:23:55]} 21. Bxe4
{[%clk 0:28:54]} fxe4 {[%clk 0:24:18]} 22. Ke2 {[%clk 0:22:12]} Rf8
{[%clk 0:22:18]} 23. Be3 {[%clk 0:20:38]} b5 {[%clk 0:16:25]} 24. Rc1
{[%clk 0:17:20]} Nb6 {[%clk 0:11:22]} 25. axb5 {[%clk 0:17:24]} cxb5
{[%clk 0:11:21]} 26. Ra5 {[%clk 0:17:18]} Rf5 {[%clk 0:10:55]} 27. Rca1
{[%clk 0:16:12]} Na4 {[%clk 0:07:10]} 28. c4 {[%clk 0:13:40]} g6 {[%clk 0:04:05]}
29. Rc1 {[%clk 0:11:49]} Nb6 30. cxb5+ {[%clk 0:11:54]} Kd8 {[%clk 0:02:50]} 31.
Rca1 {[%clk 0:04:51]} Nc4 {[%clk 0:01:34]} 32. Rxa7 {[%clk 0:04:53]} Rxa7
{[%clk 0:02:02]} 33. Rxa7 {[%clk 0:05:22]} Rxb5 {[%clk 0:02:14]} 34. Bg5+
{[%clk 0:03:46]} Kc8 {[%clk 0:02:43]} 35. Be7 {[%clk 0:02:19]} e5
{[%clk 0:03:08]} 36. dxe5 {[%clk 0:02:28]} Rxe5 {[%clk 0:03:33]} 37. Bc5
{[%clk 0:02:41]} Rd5 {[%clk 0:03:38]} 38. Ra2 {[%clk 0:01:40]} Rd3
{[%clk 0:03:48]} 39. Rc2 {[%clk 0:01:59]} Na3 {[%clk 0:04:05]} 40. Rc1
{[%clk 0:31:57]} Kb7 {[%clk 0:33:25]} 41. Kf2 {[%clk 0:22:18]} Kc6
{[%clk 0:18:10]} 42. Be3+ {[%clk 0:19:40]} Kd7 {[%clk 0:16:06]} 43. Rc5
{[%clk 0:17:29]} Rb3 {[%clk 0:14:05]} 44. Bc1 {[%clk 0:10:35]} Nb1
{[%clk 0:09:41]} 45. b5 {[%clk 0:07:29]} Nc3 {[%clk 0:08:28]} 46. b6
{[%clk 0:07:40]} e3+ {[%clk 0:08:08]} 47. Ke1 {[%clk 0:08:06]} Na2
{[%clk 0:07:32]} 48. b7 {[%clk 0:06:19]} Nxc1 {[%clk 0:06:57]} 49. Rxc1
{[%clk 0:06:36]} Rxb7 {[%clk 0:06:17]} 50. Ke2 {[%clk 0:06:20]} Ke6
{[%clk 0:05:16]} 51. Rc3 {[%clk 0:03:24]} Rb2+ {[%clk 0:05:23]} 52. Kxe3
{[%clk 0:03:33]} Rxg2 {[%clk 0:05:28]} 53. Kf4 {[%clk 0:03:05]} Kf6
{[%clk 0:05:40]} 54. Rc2 Ke5+ 55. Ke4+ 1/2-1/2

[Event "ewcc-2015"]
[Site "Chakvi. Adjara"]
[Date "2015.05.25"]
[Round "7.17"]
[White "Arakhamia-Grant, Ketevan"]
[Black "Abdulla, Khayala"]
[Result "0-1"]
[LiveChessVersion "1.3.1"]
[BlackElo "2266"]
[WhiteElo "2393"]

1. e4 {[%clk 1:30:58]} c5 {[%clk 1:30:49]} 2. Nf3 {[%clk 1:31:20]} e6
{[%clk 1:31:13]} 3. d4 {[%clk 1:31:41]} cxd4 {[%clk 1:31:31]} 4. Nxd4
{[%clk 1:32:05]} Nc6 {[%clk 1:31:53]} 5. Nc3 {[%clk 1:32:20]} Qc7
{[%clk 1:32:16]} 6. Be3 {[%clk 1:31:37]} a6 {[%clk 1:32:39]} 7. Qd2
{[%clk 1:30:57]} Nf6 {[%clk 1:32:57]} 8. O-O-O {[%clk 1:30:34]} Bb4
{[%clk 1:33:15]} 9. f3 {[%clk 1:30:54]} Ne5 {[%clk 1:33:26]} 10. Nb3
{[%clk 1:29:03]} d5 {[%clk 1:33:32]} 11. Bd4 {[%clk 1:27:52]} O-O
{[%clk 1:33:22]} 12. Kb1 {[%clk 1:15:48]} dxe4 {[%clk 1:33:25]} 13. Qf4
{[%clk 1:11:59]} Bd6 {[%clk 1:33:39]} 14. Nxe4 {[%clk 1:11:27]} Nxe4
{[%clk 1:34:00]} 15. Qxe4 {[%clk 1:11:47]} Ng6 {[%clk 1:34:11]} 16. h4
{[%clk 1:05:23]} Bd7 {[%clk 1:33:19]} 17. Bd3 {[%clk 0:41:25]} Bc6
{[%clk 1:30:58]} 18. Qe3 {[%clk 0:40:22]} Nf4 {[%clk 1:29:18]} 19. Bb6
{[%clk 0:29:23]} Qe7 {[%clk 1:27:23]} 20. c4 {[%clk 0:21:26]} Nxg2
{[%clk 1:04:50]} 21. Qd2 {[%clk 0:16:24]} Bxf3 {[%clk 0:54:11]} 22. Rdf1
{[%clk 0:13:24]} Bc6 {[%clk 0:50:32]} 23. Nd4 {[%clk 0:13:06]} Nxh4
{[%clk 0:45:16]} 24. Nxc6 {[%clk 0:05:46]} bxc6 {[%clk 0:45:41]} 25. Rh3
{[%clk 0:03:30]} Ng6 {[%clk 0:28:00]} 26. Rfh1 {[%clk 0:03:53]} f5
{[%clk 0:24:54]} 27. Rxh7 {[%clk 0:04:08]} c5 {[%clk 0:22:14]} 28. Ba5
{[%clk 0:02:23]} Be5 {[%clk 0:22:21]} 29. Be2 {[%clk 0:01:21]} Rab8
{[%clk 0:19:57]} 30. b3 {[%clk 0:01:47]} Qd6 {[%clk 0:15:26]} 31. Qxd6
{[%clk 0:01:05]} Bxd6 {[%clk 0:15:53]} 32. Bf3 {[%clk 0:01:27]} Be5
{[%clk 0:13:50]} 33. R7h5 {[%clk 0:01:45]} Kf7 {[%clk 0:12:39]} 34. Rd1
{[%clk 0:01:50]} Bd4 {[%clk 0:12:19]} 35. Rg5 {[%clk 0:00:38]} Ne5
{[%clk 0:12:38]} 36. Be2 {[%clk 0:00:40]} Kf6 {[%clk 0:12:26]} 37. Bd2
{[%clk 0:00:54]} Nf7 {[%clk 0:12:04]} 38. Rg2 {[%clk 0:01:15]} g5
{[%clk 0:12:04]} 39. Rf1 {[%clk 0:00:43]} Rh8 {[%clk 0:11:29]} 40. Bf3
{[%clk 0:30:42]} f4 {[%clk 0:41:01]} 41. Ba5 {[%clk 0:28:17]} Rh4
{[%clk 0:36:28]} 42. Re2 {[%clk 0:16:47]} Rbh8 {[%clk 0:32:57]} 43. Bb7
{[%clk 0:13:26]} Rh2 {[%clk 0:32:46]} 44. Rd2 {[%clk 0:13:18]} Rxd2
{[%clk 0:31:40]} 45. Bxd2 {[%clk 0:13:42]} Rh2 {[%clk 0:31:55]} 46. Kc1
{[%clk 0:13:25]} Nd6 {[%clk 0:32:03]} 47. Bc6 {[%clk 0:10:33]} e5
{[%clk 0:31:30]} 48. a4 {[%clk 0:09:36]} e4 {[%clk 0:31:08]} 49. Ba5
{[%clk 0:09:18]} Ra2 {[%clk 0:30:52]} 50. Bd8+ {[%clk 0:07:20]} Ke5
{[%clk 0:31:07]} 51. Rd1 {[%clk 0:07:11]} e3 {[%clk 0:30:53]} 52. Bxg5
{[%clk 0:06:40]} e2 {[%clk 0:30:32]} 53. Rh1 {[%clk 0:06:55]} Bc3
{[%clk 0:30:03]} 54. Bh4 {[%clk 0:07:01]} Ra1+ {[%clk 0:30:18]} 55. Kc2
{[%clk 0:07:25]} Rxh1 {[%clk 0:30:39]} 56. Bxh1 {[%clk 0:07:50]} e1=Q
{[%clk 0:31:04]} 57. Bxe1 {[%clk 0:08:14]} Bxe1 {[%clk 0:31:32]} 58. Kd3
{[%clk 0:08:23]} Nf5 {[%clk 0:31:47]} 59. Kd4+ 0-1